Statistics for Analogies #8

Click here to take the quiz!

General Stats

  • This quiz has been taken 16,810 times
    (11,356 since last reset)
  • The average score is 12 of 20

Answer Stats

This is to this ... As ... % Correct
Baa is to SheepHoot is to {Owl}
97%
Quartet is to 4{Trio} is to 3
84%
Superman is to DC ComicsSpiderman is to {Marvel}
84%
Giant Panda is to Bamboo{Koala} is to Eucalyptus
83%
Paris is to SeineLondon is to {Thames}
79%
3 is to French Hens2 is to {Turtle} {Doves}
77%
Richard is to Lionheart{Vlad} is to Impaler
74%
Hepatitis is to LiverGingivitis is to {Gums}
74%
Spielberg is to Jaws{Cameron} is to Titanic
62%
Ginger is to Halliwell{Posh} is to Beckham
60%
Flush is to Straight{Full} {House} is to Flush
60%
Cranberry is to BogRice is to {Paddy}
59%
Over is to UnderHyper is to {Hypo}
59%
Guinness is to DublinHeineken is to {Amsterdam}
51%
Swan is to BjörkMeat is to {Lady} {Gaga}
42%
Tylenol is to AcetaminophenAdvil is to {Ibuprofen}
40%
Cashmere is to GoatAngora is to {Rabbit}
38%
Monk is to MonasteryTroglodyte is to {Cave}
37%
Monday is to Fair of FaceTuesday is to
{Full} {of} {Grace}
34%
Hard Knock Life is to
Annie
Defying Gravity is to
{Wicked}
33%

Score Distribution

Percentile by Number Answered

Percent of People with Each Score

Your Score History

You have not taken this quiz since the last reset